00313nam a22001097a 4500020000800000040001600008082001300024100002400037245004000061260005800101300004400159 qPB. cFIZZA ISHAQ a128bAQU a Aquinas , Thomas. aOn Human Nature /c Thomas Aquinas. aWashington:b Hackett Publishing Company, Inc.c1999. a274 P. ;c ‎ 5.5 x 0.75 x 8.75 inches